<?xml version="1.0" encoding="UTF-8"?><?xml-stylesheet type="text/xsl" href="static/style.xsl"?><OAI-PMH xmlns="http://www.openarchives.org/OAI/2.0/" xmlns:xsi="http://www.w3.org/2001/XMLSchema-instance" xsi:schemaLocation="http://www.openarchives.org/OAI/2.0/ http://www.openarchives.org/OAI/2.0/OAI-PMH.xsd"><responseDate>2026-06-05T14:21:16Z</responseDate><request verb="GetRecord" identifier="oai:riuma.uma.es:10630/39410" metadataPrefix="marc">https://riuma.uma.es/rest/oai/request</request><GetRecord><record><header><identifier>oai:riuma.uma.es:10630/39410</identifier><datestamp>2026-02-03T10:49:46Z</datestamp><setSpec>com_10630_2254</setSpec><setSpec>col_10630_37953</setSpec></header><metadata><record xmlns="http://www.loc.gov/MARC21/slim" xmlns:dcterms="http://purl.org/dc/terms/" xmlns:doc="http://www.lyncode.com/xoai" xmlns:xsi="http://www.w3.org/2001/XMLSchema-instance" xsi:schemaLocation="http://www.loc.gov/MARC21/slim http://www.loc.gov/standards/marcxml/schema/MARC21slim.xsd">
   <leader>00925njm 22002777a 4500</leader>
   <datafield ind2=" " ind1=" " tag="042">
      <subfield code="a">dc</subfield>
   </datafield>
   <datafield ind2=" " ind1=" " tag="720">
      <subfield code="a">Chamizo-Nieto, María Teresa</subfield>
      <subfield code="e">author</subfield>
   </datafield>
   <datafield ind2=" " ind1=" " tag="720">
      <subfield code="a">Wallace-Ruíz, Agustín</subfield>
      <subfield code="e">author</subfield>
   </datafield>
   <datafield ind2=" " ind1=" " tag="720">
      <subfield code="a">Rey-Peña, Lourdes</subfield>
      <subfield code="e">author</subfield>
   </datafield>
   <datafield ind2=" " ind1=" " tag="260">
      <subfield code="c">2024</subfield>
   </datafield>
   <datafield ind2=" " ind1=" " tag="520">
      <subfield code="a">Previous studies evidence the benefits of gratitude and psychoeducation to diminish the performing of aggressive behaviours. The aim of this study was to assess the effectiveness of a brief gratitude programme and a brief psychoeducational programme to prevent cyberaggression in adolescents. A sample of 483 adolescents (11–17 years old) participated in the study, being assigned to one of the following three groups: gratitude programme, psychoeducational programme and the control. Both programmes comprised four one-hour sessions. All participants completed the cyberaggression subscale of the European Cyberbullying Intervention Project Questionnaire (ECIP-Q) at three time points: pre-test, post-test and three-month follow-up. Significant decreases in cyberaggression were found at post-test in the psychoeducational group and at the three-month follow-up in the gratitude group. These findings provide the first evidence of the benefits of gratitude training in adolescents to prevent cyberaggression over time.</subfield>
   </datafield>
   <datafield ind1="8" ind2=" " tag="024">
      <subfield code="a">Chamizo-Nieto, M. T., Wallace, A. y Rey, L. (2024). Anti-cyberbullying interventions at school: Comparing the effectiveness of gratitude and psychoeducational programmes. The Journal of Positive Psychology, 19(2), 291-300. https://doi.org/10.1080/17439760.2023.2170821</subfield>
   </datafield>
   <datafield ind1="8" ind2=" " tag="024">
      <subfield code="a">https://hdl.handle.net/10630/39410</subfield>
   </datafield>
   <datafield ind1="8" ind2=" " tag="024">
      <subfield code="a">10.1080/17439760.2023.2170821</subfield>
   </datafield>
   <datafield tag="653" ind2=" " ind1=" ">
      <subfield code="a">Agresividad en adolescentes</subfield>
   </datafield>
   <datafield tag="653" ind2=" " ind1=" ">
      <subfield code="a">Gratitud - Aspectos psicológicos</subfield>
   </datafield>
   <datafield tag="653" ind2=" " ind1=" ">
      <subfield code="a">Ciberacoso - Prevención</subfield>
   </datafield>
   <datafield ind2="0" ind1="0" tag="245">
      <subfield code="a">Anti-cyberbullying interventions at school: comparing the effectiveness of gratitude and psychoeducational programmes</subfield>
   </datafield>
</record>
</metadata></record></GetRecord></OAI-PMH>